Reklama a internet, internet a reklama

Objem reklamy na internete v porovnaní s ostatnými médiami. Ako vyzerá a funguje prúžková reklama (banner) na stránkach internetu. Doplnenie klasickej reklamy internetovou. Tovar vhodný na inzerciu a predaj prostredníctvom internetu. Výhody prúžkovej reklamy pre zadávateľov a prevádzkovateľov.

Enregistré dans:
Détails bibliographiques
Auteur principal: Dočekal, Daniel
Format: Chapitre de livre
Langue:tchèque
Sujets:
Tags: Ajouter un tag
Pas de tags, Soyez le premier à ajouter un tag!

MARC

LEADER 00000naa a2200000 4500
001 r037036
005 20230911121754.6
041 0 |a cze 
044 |a CZ 
245 1 0 |a Reklama a internet, internet a reklama  |c Daniel Dočekal 
520 |a Objem reklamy na internete v porovnaní s ostatnými médiami. Ako vyzerá a funguje prúžková reklama (banner) na stránkach internetu. Doplnenie klasickej reklamy internetovou. Tovar vhodný na inzerciu a predaj prostredníctvom internetu. Výhody prúžkovej reklamy pre zadávateľov a prevádzkovateľov. 
610 2 0 |a reklama 
610 2 0 |a internet 
610 2 0 |a banner 
610 2 0 |a inzercia 
610 2 0 |a techniky reklamné 
610 2 0 |a kampane reklamné 
610 2 0 |a médiá 
610 2 0 |a technológie informačné 
100 1 |a Dočekal, Daniel